Fundamentals of Marketing

Salvato in:
Dettagli Bibliografici
Autore principale: Stanton, William J.
Altri autori: Etzel, Michael J., Walker, Bruce J.
Natura: Libro
Lingua:inglese
Pubblicazione: New York MacGraw-Hill 1991
Edizione:8. ed.
Soggetti:
Tags: Aggiungi Tag
Nessun Tag, puoi essere il primo ad aggiungerne!!

MARC

LEADER 00000nam a2200000 4500
001 c001060
005 20221206114610.2
020 |a 0-07-060957-8 
041 0 |a eng 
044 |a US 
245 1 0 |a Fundamentals of Marketing  |c William J. Stanton, Michael J. Etzel, Bruce J. Walker 
250 |a 8. ed. 
264 1 |a New York  |b MacGraw-Hill  |c 1991 
300 |a 688 s. 
610 2 0 |a marketing 
610 2 0 |a trh 
610 2 0 |a výrobky 
610 2 0 |a tvorba cien 
610 2 0 |a distribúcia 
610 2 0 |a predaj 
610 2 0 |a služby 
610 2 0 |a trh medzinárodný 
610 2 0 |a manažment 
610 2 0 |a spotrebitelia 
100 1 |a Stanton, William J. 
700 1 |a Etzel, Michael J. 
700 1 |a Walker, Bruce J.